Guide to daywork rates (Record no. 111932)
[ view plain ]
| 000 -LEADER | |
|---|---|
| fixed length control field | 01123cam a22002535a 4500 |
| 001 - CONTROL NUMBER | |
| control field | E152230 |
| 008 - FIXED-LENGTH DATA ELEMENTS--GENERAL INFORMATION | |
| fixed length control field | 110214s2011 xxk f 000 0 eng d |
| 020 ## - INTERNATIONAL STANDARD BOOK NUMBER | |
| International Standard Book Number | 9781907196157 |
| 022 1# - INTERNATIONAL STANDARD SERIAL NUMBER | |
| International Standard Serial Number | 0950-3250 |
| 035 ## - SYSTEM CONTROL NUMBER | |
| System control number | (Sirsi) u152230 |
| 041 0# - LANGUAGE CODE | |
| Language code of text/sound track or separate title | eng |
| 050 04 - LIBRARY OF CONGRESS CALL NUMBER | |
| Classification number | 692.5 $2 18 |
| 110 2# - MAIN ENTRY--CORPORATE NAME | |
| Corporate name or jurisdiction name as entry element | Building Cost Information Service |
| 9 (RLIN) | 1096 |
| 245 00 - TITLE STATEMENT | |
| Title | Guide to daywork rates |
| Remainder of title | calculations of standard hourly base rates for the major trades in England, Scotland and Wales |
| 250 ## - EDITION STATEMENT | |
| Edition statement | 25th ed. |
| 260 ## - PUBLICATION, DISTRIBUTION, ETC. | |
| Place of publication, distribution, etc. | London |
| Name of publisher, distributor, etc. | BCIS |
| Date of publication, distribution, etc. | 2011 |
| 300 ## - PHYSICAL DESCRIPTION | |
| Extent | 72p. |
| Dimensions | 30cm. |
| 505 2# - FORMATTED CONTENTS NOTE | |
| Formatted contents note | Introduction -- Building operatives -- Plumbing operatives -- Heating and ventilating operatives -- Electrical operatives -- Plumbing operatives (Scotland) -- Electrical operatives (Scotland) -- Appendix A |
| 520 ## - SUMMARY, ETC. | |
| Summary, etc. | Gives model calculations of standard hourly base rates, including all 2010 wage awards. Provides coverage for the main trades in England, Wales and Scotland. Includes rates from 2001 to date. |
| 650 24 - SUBJECT ADDED ENTRY--TOPICAL TERM | |
| Topical term or geographic name entry element | BCIS GUIDE TO DAYWORK RATES |
| 651 #4 - SUBJECT ADDED ENTRY--GEOGRAPHIC NAME | |
| Geographic name | Great Britain |
| Chronological subdivision | 1707- |
| 690 ## - LOCAL SUBJECT ADDED ENTRY--TOPICAL TERM (OCLC, RLIN) | |
| Topical term or geographic name as entry element | BUILT ENVIRONMENT-BUILDING COSTS |
| 942 ## - ADDED ENTRY ELEMENTS (KOHA) | |
| Suppress in OPAC | 0 |
| Withdrawn status | Lost status | Source of classification or shelving scheme | Damaged status | Not for loan | Home library | Current library | Shelving location | Date acquired | Total Checkouts | Full call number | Barcode | Date last seen | Copy number | Price effective from | Koha item type |
|---|---|---|---|---|---|---|---|---|---|---|---|---|---|---|---|
| Dewey Decimal Classification | London | London | RICS Boxes | 14/02/2011 | RICS 2011/1 | 30075693 | 06/08/2019 | 1 | 06/08/2019 | Archive | |||||
| Dewey Decimal Classification | London | London | BCIS/BMI publications | 06/06/2011 | ENQUIRY DESK | 30076911 | 06/08/2019 | 1 | 06/08/2019 | Book | |||||
| Dewey Decimal Classification | London | London | BCIS/BMI publications | 06/06/2011 | ENQUIRY DESK | 30076914 | 06/08/2019 | 2 | 06/08/2019 | Book |